<?xml version="1.0" encoding="UTF-8"?><?xml-stylesheet type="text/xsl" href="static/style.xsl"?><OAI-PMH xmlns="http://www.openarchives.org/OAI/2.0/" xmlns:xsi="http://www.w3.org/2001/XMLSchema-instance" xsi:schemaLocation="http://www.openarchives.org/OAI/2.0/ http://www.openarchives.org/OAI/2.0/OAI-PMH.xsd"><responseDate>2026-06-01T19:53:42Z</responseDate><request verb="GetRecord" identifier="oai:riuma.uma.es:10630/17711" metadataPrefix="marc">https://riuma.uma.es/rest/oai/request</request><GetRecord><record><header><identifier>oai:riuma.uma.es:10630/17711</identifier><datestamp>2026-02-03T11:57:38Z</datestamp><setSpec>com_10630_2254</setSpec><setSpec>col_10630_37959</setSpec></header><metadata><record xmlns="http://www.loc.gov/MARC21/slim" xmlns:dcterms="http://purl.org/dc/terms/" xmlns:doc="http://www.lyncode.com/xoai" xmlns:xsi="http://www.w3.org/2001/XMLSchema-instance" xsi:schemaLocation="http://www.loc.gov/MARC21/slim http://www.loc.gov/standards/marcxml/schema/MARC21slim.xsd">
   <leader>00925njm 22002777a 4500</leader>
   <datafield ind2=" " ind1=" " tag="042">
      <subfield code="a">dc</subfield>
   </datafield>
   <datafield ind2=" " ind1=" " tag="720">
      <subfield code="a">Doctor, Rafael</subfield>
      <subfield code="e">author</subfield>
   </datafield>
   <datafield ind2=" " ind1=" " tag="260">
      <subfield code="c">2019-05-23</subfield>
   </datafield>
   <datafield ind2=" " ind1=" " tag="520">
      <subfield code="a">Rafael Doctor, reputado gestor y comisario de arte contemporáneo, y Director de Programas del Centro Andaluz de la Fotografía, establece un recorrido por la fotografía española contemporánea que traza como un arco entre las prácticas autorreferenciales de Alberto García Alix, y el interés por la otredad de Cristina García Rodero. En el abanico intermedio entre ambos artistas, sitúa una gran variedad de actitudes, modos y prácticas de la fotografía que comprenden, entre otros muchos, los discursos de Judith Prat, Clemente Bernard, Gervasio Sánchez, Carlos Spotormo, Estela de Castro, Manolo Espaliú, Cristina de Middel, Lola Guerrera, María Cañas, Laia Abril, Camino Laguillo, etc. Una vez planteada esta posible historia de la fotografía contemporánea en España, volcada al plano de las políticas de la representación y de la militancia del fotógrafo en la visibilización de conflictos y desigualdades sociales, se abre un fértil debate, que precede a un descanso. Tras éste, dedica la segunda parte de la sesión a explicar el proyecto Capital Animal, que vincula arte contemporáneo y defensa de los animales desde el activismo animalista, mostrando distintas exposiciones en las que desarrolla el discurso que implica esta cosmovisión inclusiva en la que nos reconocemos como cohabitantes del planeta respetando la dignidad y derecho a la vida de los seres no humanos. Esta parte parte de la intervención despierta un muy especial interés en el público, que la hace alargarse hasta las cinco horas de duración incluyendo un magnífico debate e intercambio de experiencias y enfoques al respecto por parte de todos.</subfield>
   </datafield>
   <datafield ind1="8" ind2=" " tag="024">
      <subfield code="a">https://hdl.handle.net/10630/17711</subfield>
   </datafield>
   <datafield tag="653" ind2=" " ind1=" ">
      <subfield code="a">Arte contemporáneo</subfield>
   </datafield>
   <datafield tag="653" ind2=" " ind1=" ">
      <subfield code="a">Fotografía -- Historia</subfield>
   </datafield>
   <datafield tag="653" ind2=" " ind1=" ">
      <subfield code="a">España -- Fotografía</subfield>
   </datafield>
   <datafield tag="653" ind2=" " ind1=" ">
      <subfield code="a">Animales en el arte</subfield>
   </datafield>
   <datafield ind2="0" ind1="0" tag="245">
      <subfield code="a">Una historia (peculiar) de la fotografía contemporánea en España en imágenes</subfield>
   </datafield>
</record>
</metadata></record></GetRecord></OAI-PMH>